| 000 | 00409nam a2200157Ia 4500 | ||
|---|---|---|---|
| 008 | 191201s2008 xx 000 0 und d | ||
| 020 | _a9788120329607 | ||
| 082 |
_a005.26 _bBRI |
||
| 100 | _aBREY, Barry B. | ||
| 245 | 0 | _aIntel 8086/8088 Microprocessors Architecture, Programming Design & Interfacing | |
| 250 | _a7th | ||
| 260 |
_aN.Delhi _bPHI _c2008 |
||
| 300 | _a900 | ||
| 650 | _aMCA | ||
| 942 |
_2ddc _cBK |
||
| 999 |
_c3654 _d3654 |
||